| 000 | 00671nam a2200217 u 4500 | ||
|---|---|---|---|
| 005 | 20240228063630.0 | ||
| 008 | 081121s2000 es r 000 0 spa d | ||
| 020 | _a8420712795 | ||
| 035 | _aUPN01000168057 | ||
| 049 | _aI | ||
| 050 | 4 |
_aPQ6656 A6.8 _bU5.2 |
|
| 100 | 1 |
_aFarias, Juan, _d1935- _930834 |
|
| 245 | 1 | 3 |
_aUn cesto lleno de palabras / _cJuan Farias ; il. Fuencista del Amo. |
| 260 |
_aMadrid : _bAnaya, _c2000. |
||
| 300 |
_a92 p. : _bil. |
||
| 440 | 0 |
_aSopa de libros ; _v42. _pA partir de 10 años |
|
| 650 | 7 |
_aAbuelo y niño _vNovela _2 _912163 |
|
| 650 | 4 |
_aLiteratura infantil española _95892 |
|
| 700 | 1 |
_aAmo, Fuencista del, _eil. |
|
| 905 | _aInfantil | ||
| 999 |
_c140165 _d140165 |
||